| 000 | 00666nam a22002057a 4500 | ||
|---|---|---|---|
| 003 | OSt | ||
| 008 | 260429b |||||||| |||| 00| 0 eng d | ||
| 082 |
_a635.642 _bS48E |
||
| 100 | _aSingh, Amresh Bahadur. | ||
| 245 |
_aEffect of Levels of Fertilizers and Plant Densities on Growth, Yield and Quality of Determinate and Indeterminate Hybrid Tomato (Lycopersicon esculentum Mill.) _cby Amresh Bahadur Singh |
||
| 260 |
_a.- Sabour, Bhagalpur _b: Bihar Agricultural College, RAU _c, 2006 |
||
| 300 | _a91p. | ||
| 502 |
_bPh.D. _d2006 |
||
| 650 | _aHorticulture | ||
| 650 | _aTomata | ||
| 650 | _aHybrid | ||
| 650 | _aThesis | ||
| 650 | _aPh.D. | ||
| 942 |
_2ddc _cT |
||
| 999 |
_c50273 _d50273 |
||